[Event "14th Master Open"]
[Site "Voronezh RUS"]
[Date "2010.06.16"]
[Round "5"]
[White "Romanov,E"]
[Black "Krylov,M RUS"]
[Result "1/2-1/2"]
[WhiteElo "2594"]
[BlackElo "2530"]

1.Nf3 Nf6 2.c4 g6 3.Nc3 Bg7 4.e4 d6 5.d4 O-O 6.Be2 e5 7.Be3 Na6 8.O-O Ng4
9.Bg5 Qe8 10.Re1 exd4 11.Nd5 c6 12.Ne7+ Kh8 13.Nxc8 Rxc8 14.Bh4 c5 15.Nxd4 cxd4
16.Bxg4 Rxc4 17.Be2 Rb4 18.Bg3 Qd8 19.Rb1 Qb6 20.b3 Nc5 21.Bc4 d3 22.a3 Rxc4
23.bxc4 Qc6 24.Bf4 Bd4 25.Be3  1/2-1/2

[Event "14th Master Open"]
[Site "Voronezh RUS"]
[Date "2010.06.16"]
[Round "5"]
[White "Bukavshin,I"]
[Black "Kovalev,Vl"]
[Result "1-0"]
[WhiteElo "2435"]
[BlackElo "2334"]

1.d4 Nf6 2.c4 g6 3.Nc3 Bg7 4.Nf3 d6 5.e4 O-O 6.Be2 e5 7.O-O Na6 8.Re1 c6
9.Rb1 Bg4 10.d5 Nc5 11.Bf1 a5 12.h3 Bd7 13.b3 cxd5 14.cxd5 b5 15.Nd2 b4 16.Nb5 Qb6
17.a4 bxa3 18.Nxa3 Rfb8 19.Nac4 Qc7 20.Ba3 Bb5 21.Qf3 Nfd7 22.Qe3 Ba6 23.Rec1 Bf8
24.g3 Bxc4 25.Rxc4 Rb7 26.h4 Rab8 27.Bh3 Qb6 28.Qc3 Qd8 29.Kg2 Bh6 30.Bxd7 Bxd2
31.Qxd2 Nxb3 32.Rxb3 Rxb3 33.Bxd6 Qxd7 34.Bxb8 Rxb8 35.Qxa5 Rb3 36.Qa2 Rb8
37.Qc2 Kg7 38.Qc3 Qe7 39.f4  1-0

[Event "14th FIDE Open"]
[Site "Voronezh RUS"]
[Date "2010.06.16"]
[Round "5"]
[White "Basencyan,M"]
[Black "Bujlov,I"]
[Result "0-1"]
[WhiteElo "2006"]
[BlackElo "2232"]

1.d4 Nf6 2.Nf3 g6 3.c4 Bg7 4.Nc3 O-O 5.e4 d6 6.Be2 e5 7.O-O Nbd7 8.Re1 c6
9.d5 Nc5 10.Bf1 a5 11.Qc2 Bd7 12.Bg5 h6 13.Bh4 g5 14.Bg3 cxd5 15.cxd5 Rc8
16.Nd2 b5 17.Qd1 b4 18.Nb5 Qb6 19.a4 bxa3 20.Nxa3 a4 21.Nac4 Qc7 22.h3 Rb8
23.Rc1 Rfc8 24.Rc3 Bb5 25.Qf3 Bxc4 26.Nxc4 Rb3 27.Rxb3 Nxb3 28.Rd1 Nc5 29.Re1 Rb8
30.Qf5 Nb3 31.Rd1 Rb4 32.Nxd6 Qxd6 33.Bxe5 Qd7 34.Bc3 Qxf5 35.exf5 Rb8 36.d6 Nd7
37.f6 Bxf6 38.Bxf6 Nxf6 39.d7 Rd8 40.Bb5 Nc5 41.Rd4 Nfxd7 42.Bxa4 Nxa4 43.Rxa4 Rb8
44.b4 Kg7 45.g3 Nb6 46.Ra6 Nd5 47.h4 gxh4 48.gxh4 Rxb4 49.Ra5 Nf6  0-1

[Event "14th Master Open"]
[Site "Voronezh RUS"]
[Date "2010.06.16"]
[Round "5"]
[White "Chuprikov,D"]
[Black "Yevseev,D"]
[Result "1/2-1/2"]
[WhiteElo "2414"]
[BlackElo "2520"]

1.d4 Nf6 2.c4 g6 3.Nc3 Bg7 4.e4 d6 5.Nf3 O-O 6.Be2 e5 7.Be3 Ng4 8.Bg5 f6
9.Bh4 Nd7 10.O-O Nh6 11.h3 Nf7 12.Re1 c6 13.Qd2 Qe8 14.Rad1 Bh6 15.Qc2 Bf4
16.b4 Ng5 17.d5 c5 18.Nb5 Qe7 19.Nc7 cxb4 20.Nxa8 Nc5 21.Bf1 Nxf3+ 22.gxf3 Bd7
23.Nb6 axb6 24.Qb2 Qg7 25.Bg3 Qh6 26.Qxb4 Bxh3 27.Qxb6 Bxf1 28.Rxf1 Qh3 29.Qxd6 Bxg3
30.fxg3 Qxg3+ 31.Kh1 Qh4+ 32.Kg1 Qg5+ 33.Kh1 Qh6+ 34.Kg1 Qe3+ 35.Kg2 Qg5+
36.Kh1 Qh6+ 37.Kg2 Qg5+ 38.Kh1 Qh4+ 39.Kg2 Qg5+  1/2-1/2

[Event "Open"]
[Site "Teplice CZE"]
[Date "2010.06.17"]
[Round "6"]
[White "Jedlicka,A"]
[Black "Zahour,Ivan"]
[Result "1-0"]
[WhiteElo "2293"]
[BlackElo "2036"]

1.Nf3 Nf6 2.c4 g6 3.Nc3 d6 4.d4 Bg7 5.e4 O-O 6.Be2 c6 7.O-O e5 8.Be3 Nbd7
9.Qc2 Re8 10.Rad1 Qe7 11.Rfe1 Ng4 12.Bg5 f6 13.Bc1 Nh6 14.b4 Nf7 15.Be3 Nf8
16.d5 Qc7 17.c5 Rd8 18.Qb3 Kh8 19.Rc1 dxc5 20.bxc5 Nh6 21.h3 Qf7 22.Bc4 Qe8
23.Rcd1 g5 24.Bf1 Ng6 25.dxc6 bxc6 26.Rxd8 Qxd8 27.Rd1 Qe8 28.Nd2 g4 29.Bxh6 Bxh6
30.Nc4 Be6 31.Qb7 gxh3 32.Nd6 Qg8 33.g3 Nf4 34.Nf5 Bxf5 35.exf5 Nh5 36.Bc4 Qf8
37.Ne4 Rb8 38.Qc7 Rc8 39.Qd7 Re8 40.Qf7 Ng7 41.Nd6 Rb8 42.Qc7  1-0

[Event "Open"]
[Site "Teplice CZE"]
[Date "2010.06.17"]
[Round "6"]
[White "Milfort,V"]
[Black "Kochert,B"]
[Result "0-1"]
[WhiteElo "1656"]
[BlackElo "1828"]

1.d4 Nf6 2.Nf3 g6 3.c4 Bg7 4.Nc3 O-O 5.e4 d6 6.Be2 e5 7.O-O exd4 8.Nxd4 Re8
9.Bg5 h6 10.Bxf6 Bxf6 11.Bf3 c6 12.Qd2 Bg7 13.Rfe1 Nd7 14.Nb3 Ne5 15.Qe2 Be6
16.Nd2 Qb6 17.Rab1 Qd4 18.Red1 Nxf3+ 19.Nxf3 Qxc4 20.Qxc4 Bxc4 21.Rxd6 Rad8
22.Rbd1 Rxd6 23.Rxd6 Bxc3 24.bxc3 Bxa2 25.Rd7 Rb8 26.Ne5 Be6 27.Rd6 a5 28.Nxg6 a4
29.Nf4 Bb3 30.Ne2 a3 31.Nc1 Be6 32.Rd2 Ra8 33.Na2 Ra6 34.f4 c5 35.f5 Bc4
36.e5 Rb6 37.Rd8+ Kh7 38.e6 fxe6 39.Rd7+ Kg8 40.f6 Rb1+ 41.Kf2 Rf1+ 42.Ke3 Rxf6
43.Rxb7 Bxa2 44.Ra7 Bd5 45.Rxa3 Bxg2 46.Ra4 Bd5 47.c4 Bf3 48.Ra5 Rf5 49.Ra6 Kf7
50.Ra7+ Kf6 51.Rh7 h5 52.Rh6+ Ke5 53.Rg6 Bg4 54.Rg7 Rf3+ 55.Ke2 Kd4 56.Ra7 Kxc4
57.Ra4+ Kd5 58.Ra7 Rf7+  0-1

[Event "4th Ruy Lopez Masters"]
[Site "Villafranca ESP"]
[Date "2010.06.17"]
[Round "6"]
[White "Cramling,P"]
[Black "Perez Candelario,Man"]
[Result "1/2-1/2"]
[WhiteElo "2536"]
[BlackElo "2527"]

1.d4 Nf6 2.Nf3 g6 3.c4 Bg7 4.Nc3 O-O 5.e4 d6 6.Be2 Na6 7.O-O e5 8.Bg5 h6
9.Bh4 g5 10.dxe5 gxh4 11.exf6 Qxf6 12.Nd5 Qd8 13.Nd4 Nc5 14.Bg4 c6 15.Ne3 Nxe4
16.Bxc8 Rxc8 17.Ndf5 Qg5 18.f3 Nc5 19.Qxd6 Ne6 20.f4 Qh5 21.Ne7+ Kh8 22.Nxc8 Rxc8
23.Rae1 Bxb2 24.f5 Ng5 25.Nd1 Bg7 26.Nf2 h3 27.g4 Nf3+ 28.Kh1 Qg5 29.Re2 Rd8
30.Qc7 Rg8 31.Qg3 Nd2 32.Rd1 Nxc4 33.Nxh3 Qf6 34.Nf4 c5 35.Qg2 Qg5 36.Nd5 Bd4
37.h3 b5 38.Rde1 Kg7 39.Re7 Rd8 40.Nc7 Kg8 41.Re8+ Rxe8 42.Rxe8+ Kh7 43.Qc2 Kg7
44.Nd5 Nd6 45.Re7 Nxf5 46.Qxf5 Qc1+ 47.Kg2 Qg1+ 48.Kf3 Qf2+ 49.Ke4 Qe2+ 50.Kf4 Qf2+
51.Ke4 Qe2+  1/2-1/2

[Event "Open"]
[Site "Eforie Nord ROU"]
[Date "2010.06.18"]
[Round "1"]
[White "Gavrilov,Al1"]
[Black "Scripnic,D"]
[Result "1-0"]
[WhiteElo "2494"]
[BlackElo "1993"]

1.d4 Nf6 2.c4 g6 3.Nc3 Bg7 4.e4 d6 5.Nf3 O-O 6.Be2 e5 7.Be3 Nc6 8.d5 Ne7
9.Nd2 c5 10.a3 Ne8 11.b4 f5 12.f3 b6 13.Nb3 Nf6 14.Qd2 Nh5 15.g3 Kh8 16.Nb5 Ng8
17.bxc5 bxc5 18.Qa5 Qf6 19.Nxd6 Qxd6 20.Bxc5 Qb8 21.Bxf8 Bxf8 22.Rb1 Qb6
23.Qc3 Qf6 24.c5 Bg7 25.Nd2 Ba6 26.Bxa6 Qxa6 27.c6 Nhf6 28.Rb7 fxe4 29.fxe4 Rc8
30.Rf1 Nh6 31.h3 Ne8 32.g4 Ng8 33.Rff7 Ngf6 34.Rbe7 Qb6 35.Ke2 Qg1 36.Qf3 Qh2+
37.Kd3 Qg1 38.Ke2 Qd4 39.g5 Nd6 40.gxf6 Bf8 41.Rxh7+ Kg8 42.Qg4  1-0

[Event "14th Master Open"]
[Site "Voronezh RUS"]
[Date "2010.06.18"]
[Round "6"]
[White "Jumabayev,R"]
[Black "Amanov,Z"]
[Result "1-0"]
[WhiteElo "2557"]
[BlackElo "2398"]

1.d4 d6 2.c4 e5 3.Nf3 Nd7 4.Nc3 g6 5.e4 Ngf6 6.Be2 Bg7 7.O-O O-O 8.Be3 Re8
9.d5 Nh5 10.Re1 Bf8 11.g3 Ng7 12.Nh4 Be7 13.Ng2 f5 14.f3 Rf8 15.Qd2 Nf6 16.exf5 Nxf5
17.Bf2 c5 18.dxc6 bxc6 19.f4 Qc7 20.Bf3 Rb8 21.b3 Nd7 22.h3 Bf6 23.Ne4 Bg7
24.Ng5 Nc5 25.fxe5 Bxe5 26.Rxe5 dxe5 27.Bxc5 Rd8 28.Qf2 Nd4 29.Bg4 Bxg4 30.hxg4 h6
31.Bxd4 hxg5 32.Bc5 e4 33.Rf1  1-0

[Event "Open"]
[Site "Eforie Nord ROU"]
[Date "2010.06.19"]
[Round "2"]
[White "Filip,L"]
[Black "Corlatescu,D"]
[Result "1-0"]
[WhiteElo "2469"]
[BlackElo "2176"]

1.Nf3 Nf6 2.c4 g6 3.Nc3 Bg7 4.e4 d6 5.d4 O-O 6.Be2 e5 7.Be3 Ng4 8.Bg5 f6
9.Bh4 c6 10.O-O Qc7 11.d5 c5 12.Ne1 Nh6 13.Nd3 f5 14.f3 Bf6 15.Bf2 f4 16.b4 b6
17.bxc5 bxc5 18.Nb5 Qd8 19.Nxd6 Qxd6 20.Bxc5 Qc7 21.Bxf8 Kxf8 22.c5 Nd7 23.Rc1 Ba6
24.c6 Bxd3 25.cxd7 Qxd7 26.Qxd3 Nf7 27.Qb5 Qxb5 28.Bxb5 Rb8 29.Ba6 Bd8 30.Rc8 Rb2
31.Bc4 Ke7 32.Bb3 Bb6+ 33.Kh1 Re2 34.Rd1 Nd6 35.Rh8 h5 36.Rh7+ Kf6 37.Rd7  1-0

[Event "Open"]
[Site "Teplice CZE"]
[Date "2010.06.19"]
[Round "8"]
[White "Natsidis,C"]
[Black "Neuman,P"]
[Result "1/2-1/2"]
[WhiteElo "2304"]
[BlackElo "2463"]

1.d4 Nf6 2.Nf3 g6 3.c4 Bg7 4.Nc3 d6 5.e4 O-O 6.Be2 e5 7.Be3 Na6 8.O-O Ng4
9.Bg5 Qe8 10.c5 h6 11.Bh4 exd4 12.Nd5 g5 13.Bxa6 gxh4 14.Nxc7 Qc6 15.cxd6 h3
16.gxh3 Ne5 17.Nxe5 Qxd6 18.Nxa8 Bxe5 19.Qh5 bxa6 20.Rac1 Bb7 21.f4 Bg7 22.Nc7 Bxe4
23.Qe2 f5 24.Qxa6 Rf6 25.Qxd6 Rxd6 26.Kf2 d3 27.Rg1 Rb6 28.b3 Kh7 29.Ke3 a6
30.Ne8 Bb2 31.Rc7+ Kh8 32.Rf7 Ba3 33.Rgg7 Bc5+ 34.Kd2 Bb4+ 35.Ke3 Bc5+ 36.Kd2 Bb4+
37.Ke3  1/2-1/2

[Event "14th Master Open"]
[Site "Voronezh RUS"]
[Date "2010.06.19"]
[Round "7"]
[White "Chuprikov,D"]
[Black "Severiukhina,Z"]
[Result "0-1"]
[WhiteElo "2414"]
[BlackElo "2321"]

1.d4 Nf6 2.c4 g6 3.Nc3 Bg7 4.e4 d6 5.Nf3 O-O 6.Be2 e5 7.Be3 Ng4 8.Bg5 f6
9.Bh4 g5 10.Bg3 Nh6 11.c5 g4 12.Nd2 dxc5 13.dxc5 Nc6 14.Bc4+ Kh8 15.Nb3 Nf7
16.O-O Ng5 17.Qe2 Nd4 18.Nxd4 Qxd4 19.Rac1 Qxc5 20.Bh4 Bh6 21.Rfd1 c6 22.Rc2 Qe7
23.Rcd2 Ne6 24.Rd6 Nd4 25.R1xd4 exd4 26.Rxd4 Be6 27.Bd3 Qc5 28.Ra4 b5 29.Ra6 Rae8
30.a3 Bc8 31.Ra5 Qb6 32.b4 Qd4 33.Qc2 Rd8 34.Bf1 Bg5 35.Bg3 Qd2 36.Qb3 Qd4
37.h4 gxh3 38.gxh3 h5 39.h4 Bd2 40.Ne2 Qxe4 41.Rxa7 Bg4 42.Bg2 Qxe2 43.Qc2 Qd1+  0-1

[Event "14th Master Open"]
[Site "Voronezh RUS"]
[Date "2010.06.19"]
[Round "7"]
[White "Romanov,E"]
[Black "Yevseev,D"]
[Result "1/2-1/2"]
[WhiteElo "2594"]
[BlackElo "2520"]

1.d4 Nf6 2.c4 g6 3.Nc3 Bg7 4.e4 d6 5.Nf3 O-O 6.Be2 e5 7.Be3 exd4 8.Nxd4 Re8
9.f3 c6 10.Bf2 d5 11.exd5 cxd5 12.O-O Nc6 13.c5 Nh5 14.Qd2 Be5 15.g3 Ng7
16.Rfe1 Nf5 17.Nxf5 Bxf5 18.Rad1 d4 19.Ne4 Bxe4 20.fxe4 Qe7 21.b4 Bg7 22.Bc4 a5
23.a3 axb4 24.axb4 Ne5 25.Qe2 Ra3 26.Kg2 Nxc4 27.Qxc4 Rc3 28.Qe2 Rb3 29.Qc4 Rc3
30.Qe2 Ra3  1/2-1/2

[Event "Open"]
[Site "Eforie Nord ROU"]
[Date "2010.06.20"]
[Round "4"]
[White "Dragomirescu,C"]
[Black "Vedmediuc,S"]
[Result "1/2-1/2"]
[WhiteElo "2213"]
[BlackElo "2438"]

1.d4 Nf6 2.c4 g6 3.Nc3 Bg7 4.e4 d6 5.Be2 O-O 6.Nf3 e5 7.dxe5 dxe5 8.Qxd8 Rxd8
9.Bg5 c6 10.Nxe5 Re8 11.O-O-O Nxe4 12.Nxe4 Bxe5 13.f4 Bg7 14.Bf3 Na6 15.Nf6+ Bxf6
16.Bxf6 Bf5 17.g4 Be4 18.Bxe4 Rxe4 19.Rd4 Rxd4 20.Bxd4 Nb4 21.Kb1 Nd3 22.Rf1 c5
23.Bc3 Nb4 24.Rd1 b6 25.f5 gxf5 26.gxf5 Nc6 27.Rg1+ Kf8 28.Rg7 Ke7 29.Rxh7 Rd8
30.Rh4 Rg8 31.Re4+ Kd6 32.h4 Rg2 33.Re1 Rh2 34.Bf6 Rf2 35.Rd1+ Kc7 36.Bc3 Rxf5
37.Rh1 Rh5 38.Kc2 Kd6 39.Kd3 Ne5+ 40.Bxe5+ Kxe5 41.Ke3 Kf6 42.b3 Re5+ 43.Kf3 Rf5+
44.Kg3 Re5 45.Rh2 a6 46.Rf2+ Kg6 47.Rd2 b5 48.Rd6+ f6 49.Rxa6 bxc4 50.bxc4 Re4
51.h5+ Kxh5 52.Rxf6 Kg5 53.Rf8 Rxc4 54.Kf3 Ra4 55.Rc8  1/2-1/2

[Event "ch-NED"]
[Site "Eindhoven NED"]
[Date "2010.06.20"]
[Round "9"]
[White "Ernst,S"]
[Black "Van Wely,L"]
[Result "1/2-1/2"]
[WhiteElo "2572"]
[BlackElo "2653"]

1.d4 Nf6 2.c4 g6 3.Nc3 Bg7 4.e4 d6 5.Nf3 O-O 6.Be2 Na6 7.O-O e5 8.Be3 c6
9.dxe5 dxe5 10.Qxd8 Rxd8 11.Rfd1 Re8 12.h3 Bf8 13.a3 Nc5 14.Nd2 a5 15.b4 Ne6
16.c5 Nd4 17.Bd3 Be6 18.Nc4 Bxc4 19.Bxc4 Nc2 20.Ra2 Nxe3 21.fxe3 axb4 22.axb4 Rxa2
23.Bxa2 Ra8 24.Bb3 Ra3 25.Rb1 h5 26.Kf2 h4 27.Ke2 Bh6 28.Kd3 Ra8 29.Ke2 Kf8
30.Kf3 Nh7 31.Ke2 Ng5 32.Kd3 Ke7 33.Bc4 Kd7 34.Rb2 Kc7 35.Ra2 Rd8+ 36.Ke2 Bf8
37.Bd3 Be7 38.Na4 Ra8 39.Nc3 Rxa2+ 40.Nxa2 b6 41.cxb6+ Kxb6 42.Kd2 Bf8 43.Bc2 f6
44.Bd3 Nf7 45.Ke2 Nd6 46.Nc3 f5 47.Kf3 fxe4+ 48.Nxe4 Nxe4 49.Kxe4 Bd6  1/2-1/2

[Event "14th Master Open"]
[Site "Voronezh RUS"]
[Date "2010.06.20"]
[Round "8"]
[White "Rakhmanov,Ale"]
[Black "Kokarev,Dm"]
[Result "1-0"]
[WhiteElo "2570"]
[BlackElo "2612"]

1.d4 Nf6 2.c4 g6 3.Nc3 Bg7 4.e4 O-O 5.Nf3 d6 6.Be2 e5 7.O-O exd4 8.Nxd4 Re8
9.f3 c6 10.Kh1 Nbd7 11.Be3 d5 12.cxd5 cxd5 13.Ndb5 dxe4 14.Bf4 Nc5 15.Nc7 Bf5
16.Qxd8 Raxd8 17.Nxe8 Rxe8 18.Bb5 Rc8 19.Be5 exf3 20.Rxf3 a6 21.Bf1 h5 22.h3 h4
23.Rd1 Nfe4 24.Bxg7 Kxg7 25.Kg1 a5 26.Nxe4 Bxe4 27.Rc3 b6 28.b3 Bf5 29.Be2 Rb8
30.Bf3 Kf8 31.Rd4 Kg7 32.Rxh4 Rd8 33.b4 axb4 34.Rxb4 Rd6 35.a3 Nd3 36.Rb5 Nc5
37.Re3 Kf8 38.Kh2 Bd7 39.Rb1 Ba4 40.Be2 Bc2 41.Rb2 Be4 42.Bf3 Bf5 43.h4 Be6
44.Rb1 Rd4 45.Kg3 Nd7 46.Rd1  1-0

[Event "14th FIDE Open"]
[Site "Voronezh RUS"]
[Date "2010.06.21"]
[Round "9"]
[White "Lezhepekova,V"]
[Black "Litavrin,Mikhail"]
[Result "1-0"]
[WhiteElo "2072"]
[BlackElo "1912"]

1.d4 Nf6 2.c4 g6 3.Nc3 Bg7 4.e4 d6 5.Nf3 O-O 6.Be2 Nbd7 7.O-O e5 8.h3 exd4
9.Nxd4 Nc5 10.Bf3 Re8 11.Re1 Be6 12.Qe2 c6 13.Bg5 Qa5 14.Bd2 Qb6 15.Be3 Rad8
16.Rab1 Qc7 17.b4 Ncd7 18.b5 Ne5 19.Nxe6 fxe6 20.b6 Qe7 21.bxa7 Ra8 22.Rb3 Nfd7
23.Rxb7 Nxf3+ 24.gxf3 Bxc3 25.Reb1 c5 26.Qc2 Bb4 27.Qa4 Red8 28.a3 Bc3 29.R1b3 Bd4
30.Bd2 Qh4 31.Be1 Qe7 32.f4 Qf7 33.Qc6 Qe7 34.Rc7 Qe8 35.Rbb7 Nf8 36.Qb6 d5
37.Re7 Qa4 38.exd5 Qd1 39.Qa5 Qe2  1-0

[Event "14th Master Open"]
[Site "Voronezh RUS"]
[Date "2010.06.21"]
[Round "9"]
[White "Sharafiev,A"]
[Black "Kurukin,D"]
[Result "1-0"]
[WhiteElo "2447"]
[BlackElo "2236"]

1.Nf3 Nf6 2.c4 g6 3.Nc3 Bg7 4.e4 d6 5.d4 O-O 6.Be2 e5 7.Be3 Ng4 8.Bg5 f6
9.Bh4 g5 10.Bg3 Nh6 11.h3 exd4 12.Nxd4 Nc6 13.Nxc6 bxc6 14.c5 f5 15.cxd6 f4
16.Qb3+ Kh8 17.dxc7 Qxc7 18.Bh2 Rb8 19.Qc2 Be6 20.Rc1 Nf7 21.f3 Bd4 22.b3 Ne5
23.Bg1 Bxg1 24.Rxg1 Kg8 25.Na4 Rbd8 26.Nc5 Bc8 27.Bc4+ Kg7 28.Qc3 Kg6 29.Nd3 Rxd3
30.Bxd3 Rd8 31.Bc4 Be6 32.Rd1 Qb6 33.Ke2  1-0

[Event "Open"]
[Site "Eforie Nord ROU"]
[Date "2010.06.22"]
[Round "6"]
[White "Filip,L"]
[Black "Georgescu,T"]
[Result "1-0"]
[WhiteElo "2469"]
[BlackElo "2404"]

1.Nf3 Nf6 2.c4 g6 3.Nc3 Bg7 4.e4 d6 5.d4 O-O 6.Be2 e5 7.Be3 Nbd7 8.O-O Re8
9.Qc2 exd4 10.Nxd4 c6 11.Rad1 a6 12.Rfe1 Qc7 13.Nb3 b5 14.cxb5 cxb5 15.Qd2 Bb7
16.Qxd6 Qxd6 17.Rxd6 Bf8 18.Rdd1 b4 19.Nd5 Nxd5 20.exd5 a5 21.Bb5 Red8 22.Bc6 Bxc6
23.dxc6 Ne5 24.Rxd8 Rxd8 25.Bg5 Re8 26.Kf1  1-0

[Event "70th ch-ITA S/F"]
[Site "Torino ITA"]
[Date "2010.06.25"]
[Round "7"]
[White "Sbarra,M"]
[Black "Passerotti,P"]
[Result "1-0"]
[WhiteElo "2309"]
[BlackElo "2258"]

1.d4 Nf6 2.c4 g6 3.Nc3 Bg7 4.e4 d6 5.Nf3 O-O 6.Be2 Na6 7.O-O e5 8.Re1 exd4
9.Nxd4 Nc5 10.Bf3 a5 11.h3 Nfd7 12.Be3 Nb6 13.b3 a4 14.Rb1 axb3 15.axb3 h6
16.Qd2 Kh7 17.Red1 Qe7 18.Qc2 Bd7 19.b4 Ba4 20.Nxa4 Ncxa4 21.Ne2 Nd7 22.Nd4 Rfb8
23.Nb5 c6 24.Nd4 Nab6 25.Nb3 Na4 26.Nd4 Nab6 27.Rd2 Ra3 28.Nb3 Nc8 29.c5 dxc5
30.Nxc5 Nxc5 31.Bxc5 Qe8 32.Rbd1 Na7 33.Rd7 Bf8 34.Bxf8 Qxf8 35.e5 Nb5 36.e6 Rc3
37.Qe4 Ra8 38.R7d5  1-0

[Event "Open"]
[Site "Eforie Nord ROU"]
[Date "2010.06.26"]
[Round "10"]
[White "Filip,L"]
[Black "Dragomirescu,C"]
[Result "1-0"]
[WhiteElo "2469"]
[BlackElo "2213"]

1.Nf3 Nf6 2.c4 g6 3.Nc3 Bg7 4.e4 d6 5.d4 O-O 6.Be2 e5 7.Be3 Ng4 8.Bg5 f6
9.Bh4 g5 10.Bg3 Nh6 11.dxe5 dxe5 12.Qd5+ Kh8 13.Qxd8 Rxd8 14.h4 g4 15.Nd2 Na6
16.O-O-O c6 17.Nb3 Nf7 18.Rxd8+ Nxd8 19.Kb1 Be6 20.f3 gxf3 21.gxf3 c5 22.Nd5 Nc6
23.h5 h6 24.Bf1 Rf8 25.a3 b6 26.Be1 Nab8 27.Bc3 Nd4 28.Nxd4 exd4 29.Bd2 Nc6
30.f4 Bg4 31.Bg2 Be2 32.b3 Re8 33.Kc1 Rb8 34.Nc7 a5 35.a4 Nb4 36.Bxb4 cxb4
37.Kd2 Bg4 38.Rh4 Bd7 39.Bh3 Bc6 40.Bf5 Bf8 41.Rg4 Bd6 42.Nd5 Bxd5 43.cxd5 Rg8
44.Kd3 Rxg4 45.Bxg4 Bxf4 46.Kc4 Kg7 47.Kb5 f5 48.exf5 Bg5 49.Kxb6 Bd8+ 50.Kc6 Kf8
51.Kd7 Bg5 52.Be2 Kf7 53.d6 Bf4 54.Kc6 Be5 55.Bb5 Kf6 56.Bd3 Kg5 57.d7 Bf6
58.Kc7  1-0

[Event "1st Open"]
[Site "Marrakesh MAR"]
[Date "2010.06.26"]
[Round "2"]
[White "Shchekachev,A"]
[Black "Valles,M"]
[Result "1-0"]
[WhiteElo "2549"]
[BlackElo "2242"]

1.Nf3 Nf6 2.c4 g6 3.Nc3 Bg7 4.e4 d6 5.d4 O-O 6.Be2 e5 7.Be3 Ng4 8.Bg5 f6
9.Bc1 f5 10.dxe5 Nxe5 11.exf5 Bxf5 12.Qd5+ Kh8 13.Nxe5 Bxe5 14.Qxb7 Nd7 15.O-O Nc5
16.Qd5 Be6 17.Qd1 Qh4 18.g3 Qf6 19.Be3 Qf7 20.Rc1 Kg8 21.b4 Bxc3 22.Rxc3 Ne4
23.Bd4 Nxc3 24.Bxc3 h6 25.Qd4 Kh7 26.h4 c5 27.Qxd6 cxb4 28.Bd4 Bxc4 29.Bxc4 Qxc4
30.Re1 Rf7 31.h5 Rg8 32.Re8 Rf3  1-0

[Event "TCh-SUI 2010"]
[Site "Switzerland SUI"]
[Date "2010.06.27"]
[Round "5.6"]
[White "Rindlisbacher,J"]
[Black "Gerber,R"]
[Result "1/2-1/2"]
[WhiteElo "2088"]
[BlackElo "2384"]

1.d4 Nf6 2.c4 g6 3.Nc3 Bg7 4.e4 d6 5.Nf3 O-O 6.Be2 e5 7.O-O Nbd7 8.Re1 c6
9.Bf1 a5 10.Rb1 h6 11.b3 Re8 12.Ba3 exd4 13.Nxd4 Nc5 14.f3 Nh5 15.Bb2 Nf4
16.Bc1 Nfd3 17.Be3 Nxe1 18.Qxe1 f5 19.Qd2 Qf6 20.Nde2 fxe4 21.Bd4 e3 22.Bxe3 Qf8
23.Rd1 Bf5 24.g4 Bc8 25.Bg2 Nd7 26.Ne4 Ne5 27.Nxd6 Rd8 28.Bb6 Rd7 29.f4 Nxg4
30.f5 Be5 31.Bc5 Bxh2+ 32.Kh1 Bxd6 33.Bxd6 Nf2+ 34.Kg1 Nxd1 35.Bd5+ cxd5
36.Bxf8 dxc4 37.Qxh6 gxf5 38.Ng3 Ra6 39.Qh5 Kxf8 40.Qh8+ Ke7 41.Nxf5+ Kf7
42.Qxc8 Rg6+ 43.Kf1 Rd2 44.Qxb7+ Kf6 45.Qb6+ Kg5 46.Qxa5 Rf2+ 47.Ke1 Kf4
48.Qc7+ Kxf5 49.Qf7+ Kg5 50.Qe7+ Kh6  1/2-1/2

[Event "TCh-SUI 2010"]
[Site "Switzerland SUI"]
[Date "2010.06.27"]
[Round "5.1"]
[White "Pelletier,Y"]
[Black "Gallagher,Jo"]
[Result "1-0"]
[WhiteElo "2602"]
[BlackElo "2486"]

1.d4 Nf6 2.c4 g6 3.Nc3 Bg7 4.e4 d6 5.Nf3 O-O 6.Be2 e5 7.Be3 exd4 8.Nxd4 Re8
9.f3 c6 10.Bf2 a6 11.O-O b5 12.a3 Bb7 13.Nb3 Nh5 14.Qd2 Be5 15.g3 Nd7 16.Rfd1 Nhf6
17.Rac1 Rb8 18.c5 Nxc5 19.Nxc5 dxc5 20.Bxc5 Qxd2 21.Rxd2 Rbd8 22.Rcd1 Bc7
23.Bf1 Rxd2 24.Rxd2 Bc8 25.b4 Nd7 26.Be3 Ne5 27.Kg2 Be6 28.f4 Nc4 29.Bxc4 Bxc4
30.Rd7 Rc8 31.Bc5 a5 32.Kf2 axb4 33.axb4 Be6 34.Re7 h5 35.e5 Bd8 36.Ra7 Kg7
37.Ne4 Rc7 38.Ra6 Bd5 39.Nd6 Rd7 40.Bd4 Kf8 41.Bc5 Kg7 42.Ra8 Kh7 43.Ne8 Be6
44.Ke3 g5 45.Nd6 Kg6 46.Ra6 gxf4+ 47.gxf4 Be7 48.Rxc6 Bxd6 49.exd6 f6 50.Rb6 Bc4
51.Ke4 Bf1 52.Rb8 Bg2+ 53.Kd4 Kf5 54.Rxb5 Kxf4 55.Rb8 Kf5 56.Rh8 Bf3 57.Ke3 Bd1
58.Kd4 Rb7 59.Re8 Ba4 60.Re3 Bc6 61.Kc4 Be4 62.b5 Kf4 63.Bd4 Rb8 64.Re2 Rc8+
65.Kb4  1-0

[Event "IsBank TCh-TUR"]
[Site "Konya TUR"]
[Date "2010.06.29"]
[Round "1"]
[White "Deruni,B"]
[Black "Zeytinoglu,N"]
[Result "1-0"]
[WhiteElo "2107"]
[BlackElo "1927"]

1.Nf3 Nf6 2.d4 g6 3.c4 Bg7 4.Nc3 O-O 5.e4 d6 6.Be2 e5 7.d5 a5 8.Bg5 h6 9.Bh4 Na6
10.O-O Qe8 11.Nd2 Nh7 12.a3 Bd7 13.b3 f5 14.exf5 gxf5 15.Bh5 Qc8 16.Be7 Re8
17.Bxe8 Qxe8 18.Bh4 e4 19.Rc1 Nc5 20.Qe2 Nf8 21.Qe3 Ng6 22.Bg3 Nd3 23.f4 Nxc1
24.Rxc1 Kh7 25.Bf2 Ne7 26.Rc2 c5 27.dxc6 bxc6 28.Ne2 d5 29.Nf1 Rb8 30.c5 d4
31.Nxd4 Nd5 32.Qd2 Be6 33.g3 Rd8 34.Qxa5 Ra8 35.Qd2 Rxa3 36.Qc1 Ra6 37.Qd2 Ra8
38.Nxe6 Qxe6 39.Kg2 Ra3 40.Qe2 Rxb3 41.Ne3 Rd3 42.h3  1-0

[Event "IsBank TCh-TUR"]
[Site "Konya TUR"]
[Date "2010.06.30"]
[Round "2"]
[White "Erdogan,H"]
[Black "Arduman,C"]
[Result "0-1"]
[WhiteElo "2271"]
[BlackElo "2335"]

1.d4 Nf6 2.c4 g6 3.Nc3 Bg7 4.e4 d6 5.Nf3 O-O 6.Be2 Na6 7.O-O e5 8.Be3 Ng4
9.Bg5 f6 10.Bd2 Qe8 11.h3 Nh6 12.dxe5 dxe5 13.Be3 c6 14.Nd2 Qe7 15.a3 f5
16.f3 f4 17.Bf2 Nc5 18.b4 Ne6 19.c5 Rd8 20.Qe1 Nd4 21.Rb1 Nf7 22.Nc4 Be6
23.Rb2 Rd7 24.Na5 Rad8 25.Nb1 g5 26.Nd2 h5 27.Ndc4 g4 28.Bh4 Bf6 29.Bxf6 Qxf6
30.fxg4 hxg4 31.Bxg4 Bxg4 32.hxg4 Nh6 33.Nd6 Nxg4 34.Nac4 Rh7 35.Rf3 Nxf3+
36.gxf3 Qh6  0-1

[Event "IsBank TCh-TUR"]
[Site "Konya TUR"]
[Date "2010.06.30"]
[Round "2"]
[White "Citak,S"]
[Black "Mchedlishvili,M"]
[Result "0-1"]
[WhiteElo "2340"]
[BlackElo "2630"]

1.d4 Nf6 2.c4 g6 3.Nc3 Bg7 4.e4 d6 5.Nf3 O-O 6.Be2 Nbd7 7.O-O e5 8.Be3 c6
9.Qc2 Qe7 10.Qd1 Qd8 11.Qc2 Qe7 12.d5 c5 13.Ne1 Ne8 14.Nd3 f5 15.f3 f4 16.Bf2 g5
17.g4 fxg3 18.hxg3 Ndf6 19.Be3 Nh5 20.Kg2 Nf4+ 21.gxf4 gxf4 22.Bg1 Qh4 23.Bh2 Bh3+
24.Kh1 Nf6 25.Nf2 Bxf1 26.Bxf1 Nh5 27.Nh3 Rf6 28.Qf2 Ng3+ 29.Bxg3 fxg3 30.Qg2 Raf8
31.Be2 Bh6 32.Rd1 Be3 33.Rd3 Bd4 34.Nb5 Bf2 35.Nc7 Rh6 36.Bf1 Rff6 37.Ne6 Rh5
38.f4 exf4 39.Rf3 Be3 40.e5 dxe5 41.Rxe3 fxe3  0-1

[Event "1st Open"]
[Site "Marrakesh MAR"]
[Date "2010.06.30"]
[Round "7"]
[White "Iotov,V"]
[Black "Colin,V"]
[Result "1-0"]
[WhiteElo "2569"]
[BlackElo "2428"]

1.d4 Nf6 2.c4 g6 3.Nc3 Bg7 4.e4 d6 5.Nf3 O-O 6.Be2 Na6 7.O-O e5 8.Be3 h6
9.h3 exd4 10.Bxd4 Re8 11.Bd3 Nc5 12.Re1 b6 13.Qe2 Bb7 14.Nd5 Ne6 15.Be3 Nh7
16.Qd2 Nhg5 17.Nxg5 hxg5 18.Be2 c6 19.Nc3 Be5 20.Bg4 Nf4 21.g3 Qf6 22.h4 Bxc3
23.bxc3 Rxe4 24.Bd4 Qe7 25.Rxe4 Qxe4 26.gxf4 c5 27.f3 Qc6 28.Bf6 gxh4 29.Qf2  1-0

[Event "5th Open"]
[Site "Wroclaw POL"]
[Date "2010.06.30"]
[Round "7"]
[White "Leniart,A"]
[Black "Piorun,K"]
[Result "1/2-1/2"]
[WhiteElo "2423"]
[BlackElo "2499"]

1.d4 Nf6 2.c4 g6 3.Nc3 Bg7 4.Nf3 O-O 5.e4 d6 6.Be2 e5 7.O-O Na6 8.Be3 Ng4
9.Bg5 f6 10.Bc1 Nh6 11.Be3 Ng4 12.Bc1 c6 13.h3 Nh6 14.Be3 Nf7 15.dxe5 fxe5
16.Qd2 Bf6 17.Rfd1 Qe7 18.a3 Nc5 19.Rab1 Ne6 20.b4 Nf4 21.Bf1 Be6 22.c5 Rfd8
23.Qc2 g5 24.cxd6 Nxd6 25.Bc5 b6 26.Bxd6 Rxd6 27.Rxd6 Qxd6 28.Rd1 Qe7 29.Ne2 Bd7
30.Nxf4 gxf4 31.Nd2 Be8 32.Nb3 Rd8 33.Bc4+ Kf8 34.Rxd8 Qxd8 35.Qe2 Qd7 36.a4 Qd6
37.Qg4 Bg6 38.Qc8+ Kg7 39.b5 cxb5 40.axb5 Bxe4 41.Qg4+ Bg6 42.h4 h5 43.Qc8 e4
44.Qg8+ Kh6 45.Bf7 Bh7 46.Qe8 Qe5 47.Qf8+ Bg7 48.Qd8 Qf6 49.Qd5 Qxh4 50.Nd2 f3
51.g3 Qg5 52.Nxe4 Qxd5 53.Bxd5 Bxe4 54.Bxe4 Kg5 55.Bxf3 h4 56.gxh4+  1/2-1/2

[Event "King's Gambit A"]
[Site "Lipetsk RUS"]
[Date "2010.07.01"]
[Round "9"]
[White "Slugin,S"]
[Black "Romanko,M"]
[Result "1-0"]
[WhiteElo "2439"]
[BlackElo "2411"]

1.d4 Nf6 2.c4 g6 3.Nc3 Bg7 4.e4 O-O 5.Nf3 d6 6.Be2 e5 7.Be3 Ng4 8.Bg5 f6
9.Bh4 Nc6 10.d5 Ne7 11.Nd2 Nh6 12.f3 c5 13.dxc6 bxc6 14.b4 Nf7 15.Nb3 Kh8
16.Bf2 Be6 17.a4 f5 18.b5 c5 19.a5 Rb8 20.a6 g5 21.Na5 Qd7 22.Nd5 Ng6 23.b6 axb6
24.a7 Qxa7 25.Nc6 Qd7 26.Nxb8 Rxb8 27.O-O fxe4 28.fxe4 Nf4 29.Ra6 Bxd5 30.cxd5 Nh6
31.g3 Nxe2+ 32.Qxe2 b5 33.Be3 Nf7 34.Qh5 Kg8 35.Bxg5 Nxg5 36.Qxg5 b4 37.Rfa1 b3
38.Ra8 Rxa8 39.Rxa8+ Kf7 40.Qh5+ Ke7 41.Rg8 Kf6 42.Qf3+ Kg6 43.Qxb3 Qg4 44.Qe3 Qd7
45.Kg2 Kf7 46.Ra8 Kg6 47.Ra6 Bf6 48.Qf3 Be7 49.Ra2 Bg5 50.h4  1-0